|
|
|
|
| LEADER |
00000nab a2200000 a 4500 |
| 001 |
vtls000820976 |
| 003 |
SK-MaSNL |
| 005 |
20260304111453.0 |
| 008 |
250429c2002 xo 0 slo |
| 015 |
|
|
|a SNBRB2003/01-00604
|
| 035 |
|
|
|a CLN000172631
|
| 035 |
|
|
|a urn:nbn:sk:snk-abdqoh
|
| 035 |
|
|
|a (urnnbn)urn:nbn:sk:snk:ar-00144y
|
| 035 |
|
|
|a (uuid)2aaf0c56-fb7c-46a8-a095-8ba64e21e798
|
| 040 |
|
|
|a SNKBUCL
|b slo
|c SNKBUCL
|e AACR2
|
| 041 |
0 |
|
|a slo
|
| 044 |
|
|
|a xo
|c SK
|
| 080 |
|
|
|a 7.01
|2 1997
|
| 080 |
|
|
|a 7.077
|2 1997
|
| 080 |
|
|
|a 7.071.1/.2
|2 1997
|
| 080 |
|
|
|a 801.316.4
|2 1997
|
| 100 |
1 |
|
|a Poláčková, Dagmar
|4 aut
|9 8981
|
| 245 |
1 |
0 |
|a Amatér-profesionál/avantgarda/alternatíva
|c Dagmar Poláčková
|
| 650 |
0 |
7 |
|a avantgarda
|x alternatíva
|x amatér
|x profesionál
|x vymedzenie pojmov
|2 snkbucl
|9 1411807
|
| 650 |
0 |
7 |
|a alternatíva
|2 snkbucl
|9 1067449
|
| 650 |
0 |
7 |
|a amatér
|2 snkbucl
|9 1411808
|
| 650 |
0 |
7 |
|a profesionál
|2 snkbucl
|9 1019242
|
| 655 |
|
7 |
|a články z novín a časopisov
|2 snkbucl
|9 267496
|
| 773 |
0 |
|
|t Javisko
|g Roč. 34, č. 6 (2002), s. 21
|x 0323-2883
|
| 850 |
|
|
|a Slovenská národná knižnica
|
| 852 |
|
|
|a Slovenská národná knižnica
|
| 954 |
|
|
|a odborná, vedecká literatúra pôvodná (slovenská)
|2 lita
|
| 958 |
|
|
|a article19
|
| 958 |
|
|
|a OND
|
| 958 |
|
|
|a EUIPO
|
| 992 |
|
|
|a RBX
|
| 999 |
|
|
|c 2862521
|d 2864451
|